Gendered lives: communication, gender, and culture. / (Record no. 9565)

MARC details
000 -LEADER
fixed length control field 01580pam a2200337 a 4500
001 - CONTROL NUMBER
control field 1617887
003 - CONTROL NUMBER IDENTIFIER
control field OSt
005 - DATE AND TIME OF LATEST TRANSACTION
control field 20230429113541.0
008 - FIXED-LENGTH DATA ELEMENTS--GENERAL INFORMATION
fixed length control field 951030s1997 caua b 001 0 eng
010 ## - LIBRARY OF CONGRESS CONTROL NUMBER
LC control number 95048774
020 ## - INTERNATIONAL STANDARD BOOK NUMBER
International Standard Book Number 0534507700
040 ## - CATALOGING SOURCE
Original cataloging agency DLC
Transcribing agency LC
Modifying agency DLC
050 00 - LIBRARY OF CONGRESS CALL NUMBER
Classification number HQ1075.W69
082 00 - DEWEY DECIMAL CLASSIFICATION NUMBER
Classification number 305.3
Edition number 20
100 1# - MAIN ENTRY--PERSONAL NAME
Personal name Wood, Julia T.
9 (RLIN) 1023
245 10 - TITLE STATEMENT
Title Gendered lives: communication, gender, and culture. /
Statement of responsibility, etc. Julia T. Wood.
250 ## - EDITION STATEMENT
Edition statement 2nd ed.
260 ## - PUBLICATION, DISTRIBUTION, ETC.
Place of publication, distribution, etc. Belmont, Calif. :
Name of publisher, distributor, etc. Wadsworth Pub. Co.,
Date of publication, distribution, etc. 1997.
300 ## - PHYSICAL DESCRIPTION
Extent xv, 471 p. :
Other physical details ill. ;
Dimensions 24 cm.
504 ## - BIBLIOGRAPHY, ETC. NOTE
Bibliography, etc. note Includes bibliographical references (p. 417-463) and index.
505 ## - FORMATTED CONTENTS NOTE
Formatted contents note Contents: Introduction: Opening the conversation -- Conceptual foundations: The study of communication, gender and culture -- Theoretical approaches to gender development -- The rhetorical shaping of gender: women's men's and gender movements in America -- Chreating gendered identities: Gen
650 #0 - SUBJECT ADDED ENTRY--TOPICAL TERM
Topical term or geographic name entry element Sex role.
9 (RLIN) 1355
650 #0 - SUBJECT ADDED ENTRY--TOPICAL TERM
Topical term or geographic name entry element Communication
General subdivision Sex differences.
9 (RLIN) 1358
650 #0 - SUBJECT ADDED ENTRY--TOPICAL TERM
Topical term or geographic name entry element Gender identity.
9 (RLIN) 1359
856 42 - ELECTRONIC LOCATION AND ACCESS
Materials specified Contributor biographical information
Uniform Resource Identifier <a href="http://www.loc.gov/catdir/enhancements/fy1515/95048774-b.html">http://www.loc.gov/catdir/enhancements/fy1515/95048774-b.html</a>
856 42 - ELECTRONIC LOCATION AND ACCESS
Materials specified Publisher description
Uniform Resource Identifier <a href="http://www.loc.gov/catdir/enhancements/fy1515/95048774-d.html">http://www.loc.gov/catdir/enhancements/fy1515/95048774-d.html</a>
856 41 - ELECTRONIC LOCATION AND ACCESS
Materials specified Table of contents only
Uniform Resource Identifier <a href="http://www.loc.gov/catdir/enhancements/fy1515/95048774-t.html">http://www.loc.gov/catdir/enhancements/fy1515/95048774-t.html</a>
906 ## - LOCAL DATA ELEMENT F, LDF (RLIN)
a 7
b cbc
c orignew
d 1
e ocip
f 19
g y-gencatlg
942 ## - ADDED ENTRY ELEMENTS (KOHA)
Source of classification or shelving scheme Library of Congress Classification
Koha item type Books
Holdings
Withdrawn status Lost status Source of classification or shelving scheme Damaged status Not for loan Home library Current library Shelving location Date acquired Total Checkouts Full call number Barcode Date last seen Price effective from Koha item type
    Library of Congress Classification     WISCONSIN INTERNATIONAL UNIVERSITY COLLEGE, GHANA KUMASI LIBRARY WISCONSIN INTERNATIONAL UNIVERSITY COLLEGE, GHANA KUMASI LIBRARY General Stacks 16/03/2023   HQ1075.W69(2e) K/3119/0217/23 29/04/2023 29/04/2023 Books

If you have any concerns or questions; kindly contact the library


© Powered by WIUC ICT DIRECTORATE